Islam dan hegemoni sosial

Bibliographic Details
Main Author: Simuh, dkk
Corporate Author: Title
Other Authors: Khaeroni, dkk
Format: Book
Published: Kuala Lumpur : Darul Fikir , 2003
Subjects:

MARC

LEADER 00000cam a2200000 7i4500
001 0000012248
005 20071210.0
008 071210
020 |a 9799594340 
090 0 0 |a 297.67   |b SIM 
100 1 |a Simuh, dkk 
245 1 0 |a Islam dan hegemoni sosial   |c Simuh, dkk; Editor, Drs. Khaeroni 
260 |a Kuala Lumpur :   |b Darul Fikir ,   |c 2003 
650 0 |a Da'wah (Islam) 
650 0 |a Islamic   |x Fiction 
650 0 |a Malay fiction 
650 0 |a Social ethnics   |x Religious aspects   |x Islam 
700 1 |a Khaeroni, dkk 
710 0 |a Title 
999 |a 0001005742   |b Book   |c Adult Collection   |e Perbadanan Perpustakaan Awam Johor